00606nam a2200181Ia 4500008004100000020001500041041001200056082001100068100001900079245007900098260002500177300000800202650000800210700002300218942000700241999001500248952016100263221030s9999 xx 000 0 und d a0074519654 aEnglish a105.23 aN. N. Bhargava 0aBasic Electronics & Linear Circuitscby N. N. Bhargava, D. C. Kulshreshtha bTMHaNew Delhic1989 a490 aECE aD. C. Kulshreshtha cBK c6072d6072 pBE 9922l0o105.23 r2024-06-13 00:00:00w2022-10-30yBK003Print4070aMIETLIBbMIETLIBcBL-Academic Block- A, FL-1, CUP-12, SH-3, R-3d2009-03-1010HBE